Szczegóły MARC21

Reformy oświaty w Niemczech i w Polsce : piąte niemiecko-polskie sympozjum Uniwersytetu Technicznego w Berlinie i Uniwersytetu Szczecińskiego /

005 -DATA I CZAS OSTATNIEJ MODYFIKACJI [,]
    • @
    • pole kontrolne
    • 20070315155141.9
020 -Międzynarod. znormalizowany nr książki - ISBN [ , ]
    • a
    • Numer ISBN
    • 379831845X Find
040 -Instytucja sporządzająca opis [ , ]
    • a
    • Instytucja, która sporządziła opis (NP)
    • SZCZ U
    • c
    • Instytucja, która sporządziła rekord (NP)
    • SZCZ U
942 -Rodzaj dokumentu [ , ]
    • c
    • Rodzaj dokumentu
    • Książka
245 -Strefa tytułu i oznaczenia odpowiedzialności [0, ]
    • a
    • Tytuł
    • Reformy oświaty w Niemczech i w Polsce : Find
    • b
    • Ciąg dalszy tytułu (NP)
    • piąte niemiecko-polskie sympozjum Uniwersytetu Technicznego w Berlinie i Uniwersytetu Szczecińskiego / Find
    • c
    • Pozostałe elementy strefy tytułu i oznaczenia odpowiedzialności (NP)
    • Helga Marburger i Norbert H.Weber (wyd.) ; Technische Universität Berlin.
260 -Strefa adresu wydawniczego [ , ]
    • a
    • Miejsce wydania (P)
    • Berlin :
    • b
    • Nazwa wydawcy (P)
    • TUB,
    • c
    • Data wydania (P)
    • 2000.
300 -Strefa opisu fizycznego [ , ]
    • a
    • Określenie formy książki i/lub objętość (NP)
    • 107,122 s. :
    • c
    • Format (NP)
    • 21 cm.
500 -Uwaga ogólna [ , ]
    • a
    • Uwaga ogólna (NP)
    • Przeł. z jęz. pol. i jęz. niem. - Teksty w jęz. pol. i niem. - Liczbowanie ss. w przeciwległych kierunkach. - Bibliogr
080 -Uniwersalna Klasyfikacja Dziesiętna [ , ]
    • a
    • Symbol klasyfikacji
    • 37.014.3(438)(43)=84=30
980 -Symbol UKD [ , ]
    • a
    • UKD
    • 37.014.3(438)(43)=84=30
700 -Hasło dodatkowe - nazwa osobowa [ , ]
    • a
    • Nazwa osobowa (NP)
    • Marburger Helga Find
700 -Hasło dodatkowe - nazwa osobowa [ , ]
    • a
    • Nazwa osobowa (NP)
    • Weber Norbert H. Find
920 -ISBN [ , ]
    • a
    • ISBN
    • 3-7983-1845-X Find
Data inwentaryzacji Lokalizacja Status udost. Numer inwentarzowy
2001-03-02BG-3Pd.13892
2001-03-02BG1Pd.13891
2016-05-13BNS1H.28376